000 02374cam a2200337 4500500
005 20251228073438.0
041 _afre
042 _adc
100 1 0 _aAdam, Rodolphe
_eauthor
245 0 0 _aKierkegaard, amoureux de sa plume
260 _c2007.
500 _a2
520 _aRésumé« Amoureux de ma plume », c’est ainsi que Kierkegaard répondait à un de ses proches qui lui reprochait de ne faire qu’écrire des lettres sans jamais rendre visite. Graphomane dont la surproduction a sa cause dans la « chronique d’une mort annoncée », Kierkegaard trouvait dans l’écriture le corps à corps qui lui faisait défaut dans la rencontre. Si, une fois, il témoigna dans son Journal d’une expérience de « joie indescriptible », souvent comparée au Mémorial de Pascal, nous verrons, avec Lacan, que l’acte d’écrire relevait moins d’un éprouvé ex-tatique que du nouage sinthomatique dont le produit fut la découverte de l’ex-istence. « Écrire a été ma vie », écrivit Kierkegaard... jusqu’à ce que Régine s’en aille.
520 _a‘I am the lover of my pen’, said Kierkegaard to a friend who reproached him for preferring to write letters than visit his friends. The overproduction of this graphomaniac originated in the ‘Chronicle of a foretold death’, Kierkegaard finding in the act of writing the hand-to-hand contact he failed to have in his actual relationships. Once, in his diary, he testified to an experience of ‘indescribable glee’, which has been compared to Pascal’s Memorial. We shall see, through a lacanian approach that the writing act did not stem from an ecstatic experience but rather from the ‘sinthomatic’ knot which provoked the discovery of an ‘ex-istence’. ‘Writing has been my whole life’, claimed Kierkegaard...at least until Regine left.
690 _acorps
690 _aécriture
690 _aexistence
690 _aextase
690 _aKierkegaard
690 _aLacan
690 _aRégine
690 _abody
690 _aecstasy
690 _aexistence
690 _aKierkegaard
690 _aLacan
690 _aRégine
690 _awriting
786 0 _nSavoirs et clinique | 8 | 1 | 2007-10-18 | p. 67-72 | 1634-3298
856 4 1 _uhttps://shs.cairn.info/revue-savoirs-et-cliniques-2007-1-page-67?lang=fr&redirect-ssocas=7080
999 _c1595219
_d1595219